| 000 | 00657nam a2200217 a 4500 | ||
|---|---|---|---|
| 005 | 20140412111329.0 | ||
| 008 | 021209s19uu xx 00 eng d | ||
| 020 | _a0-590-44510-3 | ||
| 050 |
_aTR(PS E _bBi48 1977 |
||
| 050 |
_aER _bBi48 1977 |
||
| 100 | _aPinkwater, Daniel Manus | ||
| 245 |
_aBig orange splot (The) / _cDaniel Manus Pinkwater. |
||
| 260 |
_aNew York : _bScholastic Inc, _c1977. |
||
| 300 | _a32 p. ; ill. | ||
| 520 | _aWhen Mr. Plumbean painted his house, the neihbors couldn't believe their eyes... | ||
| 650 | _aHouses--Fiction | ||
| 650 | _aPaint--Fiction | ||
| 650 | _aChildren stories | ||
| 999 |
_c104839 _d104839 |
||